Derecho colectivo del trabajo / (Registro nro. 28637)

Detalles MARC
000 -LEADER
fixed length control field 02684nam a2200253Ia 4500
003 - CONTROL NUMBER IDENTIFIER
control field CO-CtgCURN
005 - DATE AND TIME OF LATEST TRANSACTION
control field 20250408213557.0
008 - FIXED-LENGTH DATA ELEMENTS--GENERAL INFORMATION
fixed length control field 190723s9999 xx 000 0 und d
020 ## - INTERNATIONAL STANDARD BOOK NUMBER
International Standard Book Number 9586907074
040 ## - CATALOGING SOURCE
Original cataloging agency CO-CtgCURN
Language of cataloging spa
Transcribing agency coctgcurn
082 ## - DEWEY DECIMAL CLASSIFICATION NUMBER
Classification number 344.01
Item number G639d
100 ## - MAIN ENTRY--PERSONAL NAME
Personal name Guerrero Figueroa, Guillermo
Dates associated with a name 1934-
245 #0 - TITLE STATEMENT
Title Derecho colectivo del trabajo /
Statement of responsibility, etc. Guillermo Guerrero Figueroa
250 ## - EDITION STATEMENT
Edition statement 9 edición
260 ## - PUBLICATION, DISTRIBUTION, ETC.
Place of publication, distribution, etc. Bogotá, Colombia :
Name of publisher, distributor, etc. Leyer,
Date of publication, distribution, etc. 2003
300 ## - PHYSICAL DESCRIPTION
Extent 689 páginas ;
Dimensions 24 centímetros
504 ## - BIBLIOGRAPHY, ETC. NOTE
Bibliography, etc. note Incluye referencias bibliográficas
505 ## - FORMATTED CONTENTS NOTE
Formatted contents note pte. I. El derecho sindical -- Antecedentes historicos -- Fundamento jurídico de la asociacion profesional -- Relaciones del derecho profesional con otros derechos -- Diferentes modalidades del derecho (libertad) sindical -- Casos atentatorios contra la libertad sindical, prohibiciones y sanciones -- Extension, prohibicion y limitacion del derecho sindical -- El derecho de asociacion en los acuerdos internacionales, en la legislacion colombiana y la extranjera y en la doctrina -- El sindicalismo en el campo internacional -- Organizacion Internacional del Trabajo -- El sindicalismo segun los sistemas políticos -- Sindicato o asociacion profesional -- Fundacion, personeria juridica e inscripcion -- Requisitos de constitucion y atributos del sindicato -- Organos de los sindicatos -- Sindicatos de empleados públicos, federaciones y consideraciones -- protección al derecho de asociacion profesional -- Disolucion y liquidacion de las asociaciones profesionales -- pte. II. Derecho de los conflictos laborales -- Conflictos laborales -- Huelga -- Los sujetos y el titular del derecho de huelga -- Fines y justificacion de la huelga -- Clasificacion de la huelga -- La huelga como abuso del derecho -- Efectos jurídicos de la huelga en relacion con el contrato individual del trabajo -- Otras formas de lucha -- El pliego de peticiones -- Procedimientos comunes a todo conflicto colectivo económico en la legislacion colombiana -- Sistemas ensayados para eliminar la huelga en los conflictos colectivos de trabajo -- Del arbitramento en general -- pte. III. Convencion colectiva de trabajo, pacto colectivo y contrato sindical -- Naturaleza juridica de la convencion colectiva de trabajo -- Definicion legal de convencion colectiva -- Duracion d la convencion colectiva, su denuncia, revisión terminacion e incumplimiento -- El contrato sindical.
521 ## - TARGET AUDIENCE NOTE
Target audience note AREA PROFESIONAL
590 ## - LOCAL NOTE (RLIN)
Local note Programa de Derecho_18
650 ## - SUBJECT ADDED ENTRY--TOPICAL TERM
Topical term or geographic name entry element Derecho laboral
942 ## - ADDED ENTRY ELEMENTS (KOHA)
Koha item type Libros
Classification part 344.01
Item part G639d
Koha issues (borrowed), all copies 2
Source of classification or shelving scheme Dewey Decimal Classification
Suppress in OPAC No
Existencias
Withdrawn status Lost status Damaged status Not for loan Collection Home library Current library Shelving location Date acquired Inventory number Total checkouts Full call number Barcode Date last seen Date last checked out Copy number Price effective from Koha item type
          Miguel Henríquez Castañeda Barranquilla Miguel Henríquez Castañeda Barranquilla General 05/23/2018 03120 3 344.01 G639d 03120 09/18/2024 09/11/2024 ej.1 07/23/2019 Libros